000 00595nam a2200193Ia 4500
005 20250326141947.0
008 250326s9999 xx 000 0 und d
020 _a0-619-01593-4
037 _aTextbook
040 _aFMSL
_beng
_cFMSL
041 _aeng
_2eng
084 _aX:74obD658(2:55) P1
_qFMSL
100 _aBrady Joseph A
_9745350
245 0 _aConcepts in enterprise resource planning
_cBrady Joseph A And Others
260 _aAustralia
_bAustralia, Thomson learning
_c2001
300 _axi,164
942 _cTB
_hX:74obD658(2:55) P1
999 _c1292796
_d1292796